00390nam a2200133Ia 4500008004100000082001400041100001700055245003000072260001800102600001500120942000700135952009700142999001700239241002s9999 xx 000 0 und d a808.3 COP aCoppard, A.E 0aAdam and Eve and Pinch me aLondon:c1946 aLiterature cUC 00104070aUITUbUITUd1994-01-01l0o808.3 COPpUC527r2024-10-02 09:31:23w2024-10-02yUC c18854d18854